Detector dogs canines that save lives / (Record no. 4977)

MARC details
000 -LEADER
fixed length control field 00778nam a22002417a 4500
001 - CONTROL NUMBER
control field 4977
003 - CONTROL NUMBER IDENTIFIER
control field FISKH
005 - DATE AND TIME OF LATEST TRANSACTION
control field 20251023113409.0
008 - FIXED-LENGTH DATA ELEMENTS--GENERAL INFORMATION
fixed length control field 241030b cb ||||| |||| 00| 0 eng d
020 ## - INTERNATIONAL STANDARD BOOK NUMBER
International Standard Book Number 9780545486613
040 ## - CATALOGING SOURCE
Original cataloging agency FISKH
Language of cataloging eng
Transcribing agency FISKH
Modifying agency FISKH
082 ## - DEWEY DECIMAL CLASSIFICATION NUMBER
Classification number 636.70886
100 ## - MAIN ENTRY--PERSONAL NAME
Personal name Stamper, Judith Bauer
Dates associated with a name (1947-)
245 ## - TITLE STATEMENT
Title Detector dogs canines that save lives /
Statement of responsibility, etc. Judith Bauer Stamper
250 ## - EDITION STATEMENT
Edition statement 2014.
260 ## - PUBLICATION, DISTRIBUTION, ETC.
Place of publication, distribution, etc. New York :
Name of publisher, distributor, etc. Scholastic,
Date of publication, distribution, etc. 2014.
300 ## - PHYSICAL DESCRIPTION
Extent 64 pages :
Other physical details Color illustrations ;
Dimensions 23 cm
520 ## - SUMMARY, ETC.
Summary, etc. Explains how a dog's sense of smell works, and how specific dog breeds are trained to sniff out bombs.
650 ## - SUBJECT ADDED ENTRY--TOPICAL TERM
Source of heading or term Non-fiction
Topical term or geographic name entry element Informational
Form subdivision Community helpers
650 ## - SUBJECT ADDED ENTRY--TOPICAL TERM
Source of heading or term Dogs
Topical term or geographic name entry element Heroes
942 ## - ADDED ENTRY ELEMENTS (KOHA)
Source of classification or shelving scheme Dewey Decimal Classification
Koha item type Books
Suppress in OPAC No
Holdings
Withdrawn status Lost status Source of classification or shelving scheme Damaged status Not for loan Collection Home library Current library Shelving location Date acquired Total Checkouts Full call number Barcode Date last seen Copy number Price effective from Koha item type
    Dewey Decimal Classification     Non-Fiction Footprints International School Library Network Toul Kork Campus Footprints International School Library Network Toul Kork Campus A TK Campus, 4th Floor, Room B401, Non-Fiction Bookcases(7-8) 10/30/2024   STA 636.70886 FISTK04809 10/30/2024 1 10/30/2024 Books
    Dewey Decimal Classification     Non-Fiction Footprints International School Library Network Toul Tom Poung Campus Footprints International School Library Network Toul Tom Poung Campus TTP Secondary Non-Fiction Bookshelves 10/23/2025   STA 636.70886 FISSE01326 10/23/2025 2 10/23/2025 Books